[Event "Galapagar op 10th"]
[Site "Galapagar"]
[Date "2009.07.18"]
[Round "1"]
[White "Fernandez Garcia, Ignacio"]
[Black "Fernandez Edroso, Felipe"]
[Result "1-0"]
[WhiteElo "1958"]
[BlackElo "1712"]
[PlyCount "77"]
[EventDate "2009.07.18"]
[EventType "swiss"]
[EventRounds "9"]
[EventCountry "ESP"]
[SourceTitle "EXT 2010"]
[Source "ChessBase"]
[SourceDate "2010.11.25"]
[SourceVersion "1"]
[SourceVersionDate "2010.11.25"]
[SourceQuality "1"]

1. e4 e5 2. f4 d6 3. Nf3 exf4 4. Bc4 Nc6 5. d4 Nf6 6. Ng5 d5 7. exd5 Nxd5 8. Bxf4 Be6 9. Nxe6 fxe6 10. 0-0 Qd7 11. Bxd5 exd5 12. Bg5 Be7 13. Bxe7 Nxe7 14. Qh5+ g6 15. Qe5 0-0-0 16. Rf7 Rde8 17. Nc3 Nc6 18. Qg7 Qe6 19. Nb5 Qe3+ 20. Kh1 Qe1+ 21. Rf1 Qe7 22. Qh6 Rhf8 23. Nc3 Rxf1+ 24. Rxf1 Nxd4 25. Nxd5 Qe2 26. Qf4 Ne6 27. Qc1 g5 28. Re1 Qb5 29. c4 Qc6 30. b4 a6 31. a4 Qxa4 32. b5 axb5 33. cxb5 Qa5 34. Re3 Ng7 35. Rc3 c6 36. bxc6 bxc6 37. Rxc6+ Kb7 38. Rc7+ Kb8 39. Qb1+ 1-0